000 01475cam a2200289 i 4500
003 SA-RiAUC
005 20260413142244.0
008 260313s1931 sy g 00000 ara c
040 _aSA-RiKSU
_bara
_cSA-RiAUC
_erda
082 0 4 _a240
090 _aم ن 240
_bش ط ي
100 1 _aالشطي، حسن بن عمر بن معروف،
_d1205-1274 هجري
_eمؤلف.
245 1 0 _aمختصر لوامع الأنوار البهية وسواطع الأسرار الأثرية شرح الدرة المضية في عقد الفرقة المرضية /
_cاختصار حسن الشطي.
264 1 _a[مكان النشر غير محدد] :
_b[الناشر غير محدد]،
_c1931
264 3 _aدمشق :
_bمطبعة الترقي
300 _a206 صفحة؛
_c29 سم.
336 _aنص
_btxt
_2rdacontent
_3كتاب
337 _aبدون وسيط
_bn
_2rdamedia
338 _aمجلد
_bnc
_2rdacarrier
650 7 _aعلم الكلام
_2aucsh
700 1 2 _aالسفاريني، محمد بن أحمد بن سالم،
_d1114-1188 هجري
700 1 2 _aالسفاريني، محمد بن أحمد بن سالم،
_d1114-1188 هجري.
_tالدرة المضية في عقد أهل الفرقة المرضية.
740 0 2 _aلوامع الأنوار البهية وسواطع الأسرار الأثرية.
740 2 2 _aالدرة المضية في عقد الفرقة المرضية.
942 _2ddc
_cRBOOK COPY
_n0
949 _aSA-JeALM
_d260313
_umohamedma123
_n1
999 _c14771
_d14771